Blue Things By Picture - Statistics

General Stats
  • This quiz has been taken 85 times
  • The average score is 7 of 8
Answer Stats
Picture Answer % Correct
Blue berries
97%
Blue whale
91%
Sky
90%
Water
90%
Morpho
87%
Royal blue tang
80%
Sapphire
71%
Cookie monster
69%
No matching quizzes found
Score Distribution
Percent of People with Each Score
Percentile by Number Answered
Your Score History
You have not taken this quiz